| 000 | 00364nam a2200145Ia 4500 | ||
|---|---|---|---|
| 008 | 220204s9999 xx 000 0 und d | ||
| 020 | _a8126407514 | ||
| 082 |
_a030 _bNAT.5 |
||
| 100 | _aRajagopalan, C R | ||
| 245 | 0 | _aJanthukkalum naattarivum | |
| 260 |
_aKottayam _bD C Books _c2004 |
||
| 490 | _aNaattarivukal. 5 | ||
| 700 | _aVasusarma, Manju | ||
| 942 | _cBK | ||
| 999 |
_c42308 _d42308 |
||